000 00665nam a2200181 a 4500
008 081022s1980 ||||||||||||||||| || u
050 _aIBRD(08)
110 _aWorld Bank
245 1 2 _aA dynamic simulation model of the world jute economy
_cPrepared by Jock Anderson
260 _aWashington, D.C.
_bThe Worl Bank
_c1980
300 _a32p. : illus.
350 _a0.00
362 1 _ano. 391(rev)
490 _aWorld Bank Staff working paper
650 _aWORLD ECONOMY--JUTE
650 0 _aECONOMICS
995 _D0.00
_FCBU-MAIN LIBRARY (Kitwe)
_H1
_I0.00
_M1
_UAVAILABLE
_WOct 22, 2008
_ZInternational Publications
999 _c40550
_d40550